| 000 | 00724nam a2200229 a 4500 | ||
|---|---|---|---|
| 003 | 0 | ||
| 005 | 20250205161940.0 | ||
| 008 | 130829s19uu xx 00 eng d | ||
| 050 |
_aPGS QD 281.P5 _b.K98 2013 |
||
| 100 | _aKwon (Betty), Minseo. | ||
| 245 |
_aPigment in fruits / _cMinseo Kwon (Betty). |
||
| 260 |
_aLas PiƱas City, Philippines : _bSouthville International School and Colleges, _c2013. |
||
| 300 |
_a20 p. : _bill. ; _c28 cm. |
||
| 504 | _aIncludes bibliographical references. | ||
| 650 |
_aMango _vChemistry. |
||
| 650 |
_aMango _vComposition. |
||
| 650 | _aCarotenoids. | ||
| 650 | _aSolubility. | ||
| 650 |
_aDyes and pigments _vChemistry. |
||
| 650 | _aExtraction (Chemistry). | ||
| 942 |
_2lcc _cPASS |
||
| 999 |
_c99016 _d99016 |
||